| 000 | 01142nam a2200313 a 4500 | ||
|---|---|---|---|
| 001 | BRL_1418 | ||
| 005 | 20190320211208.0 | ||
| 008 | 130114s1996----mx-ao#####---#000-0#esp-# | ||
| 020 | _a9687327096 | ||
| 041 | _aesp | ||
| 044 | _amx | ||
| 050 | 4 |
_aF1219.3 _b.T49 1996 |
|
| 245 | 1 | 0 |
_aTextiles indígenas _bpatrimonio cultural de México _cinvestigación Dora Sierra Carrillo ; colaboración Gilda Velázquez Corichi ; fotografías Enrique Bostelman...[et al.] |
| 260 |
_aMéxico _bFundación cultural Serfin _c1996 |
||
| 300 |
_a63 p. _bil. _c26 cm. |
||
| 500 | _aAu1627 | ||
| 500 | _aIncluye glosario | ||
| 500 | _aContiene la invitación de la exposición. | ||
| 504 | _abilbliografía: p. 61-63 | ||
| 650 | 1 | 4 |
_aIndígenas de México _vCatálogos _xIndumentaria _zMéxico _926840 |
| 650 | 1 | 4 |
_aIndustría textil indígena _vCatálogos _zMéxico _926841 |
| 650 | 1 | 4 |
_aTelas _vCatálogos _zMéxico _926842 |
| 650 | 1 | 4 |
_aIndumentaria _vCatálogos _zMéxico _926843 |
| 700 | 1 |
_aSierra Carrillo, Dora _926844 |
|
| 700 | 1 |
_aVelázquez Corichi, Gilda _926845 |
|
| 700 | 1 |
_aBostelmann, Enrique _eil. _926846 |
|
| 902 | _aGRL | ||
| 942 |
_2lcc _cB |
||
| 999 |
_c10228 _d10228 |
||